| 000 | 01740nam a2200373 c 4500 | ||
|---|---|---|---|
| 003 | BLK | ||
| 005 | 20250516172547.0 | ||
| 008 | 180411b bul|||||r ||||||| ||bul|| | ||
| 010 | _aKNG00188117000 | ||
| 020 |
_a978-619-153-106-6 _bиздат.: Паритет |
||
| 040 | _aBLK | ||
| 041 |
_aBUL _cBUL |
||
| 080 |
_aВътрешна политика. Вж и 329 _b323 _x(410)(092) _z323(410)(092) |
||
| 080 |
_aДаяна Франсис Маунтбатън-Уиндзор (Спенсър) _b929 Даяна, принцеса на Уелс _x _z929 Даяна, принцеса на Уелс |
||
| 100 | 1 |
_aБенуа, София _eпърви автор _9341742 |
|
| 700 | 1 |
_aЦветкова, Горанка _eпрев. _9367409 |
|
| 139 |
_aБенуа, София _bД 25 |
||
| 245 | 1 | 0 |
_aЛейди Даяна _bПринцесата на хорските сърца _cСофия Бенуа; прев. Горанка Цветкова. |
| 257 | _aRUS | ||
| 260 |
_аСофия _bПаритет _c2016 |
||
| 300 |
_a194 с. _bсъс сн. _c20 см |
||
| 380 | _aX | ||
| 500 | _aБез сведение за ориг. загл. ; Ориг. загл. Леди Диана. Принцесса людских сердец / Софья Бенуа. | ||
| 600 | 1 | 4 |
_aДаяна, принцеса на Уелс _9252283 |
| 650 | 4 |
_aДаяна, принцеса на Уелс _9252283 |
|
| 650 | 4 |
_aАристокрация - Великобритания _9147357 |
|
| 653 | _aпринцеса Даяна | ||
| 852 | _aЦб 280757 | ||
| 856 | 4 |
_qpdf _u |
|
| 856 | 4 |
_qpdf _u |
|
| 942 |
_cKNG _n0 _025 |
||
| 944 |
_aCR _c01.06.2016 _lРадостина Карадакова _k30534 |
||
| 944 |
_aED _c31.05.2017 _lф / _kПенка_Димитрова |
||
| 999 |
_c179338 _d179338 |
||